[Event "Bangkok Rooky op"]
[Site "Bangkok"]
[Date "2023.10.22"]
[Round "4"]
[White "Nguyen, Thi Minh Oanh"]
[Black "Baba, Masahiro"]
[Result "1/2-1/2"]
[WhiteElo "1880"]
[BlackElo "2248"]
[PlyCount "171"]
[EventDate "2023.10.20"]
[EventType "swiss"]
[EventRounds "7"]
[EventCountry "THA"]
[SourceTitle "Mega2024 Update 01"]
[Source "Chessbase"]
[SourceDate "2023.11.12"]
[SourceVersion "1"]
[SourceVersionDate "2023.11.12"]
[SourceQuality "1"]

1. d4 Nf6 2. Bg5 Ne4 3. Bf4 c5 4. f3 Qa5+ 5. c3 Nf6 6. d5 Qb6 7. Bc1 e6 8. e4 exd5 9. exd5 Bd6 10. Na3 0-0 11. Nc4 Qc7 12. Kf2 b5 13. Nxd6 Qxd6 14. Bxb5 Bb7 15. Ne2 Bxd5 16. Bg5 Qe5 17. Bxf6 gxf6 18. Qd2 Nc6 19. Nf4 Be6 20. Rae1 Qg5 21. h4 Qh6 22. g4 Rfb8 23. g5 Qf8 24. Bxc6 dxc6 25. Nxe6 fxe6 26. Rxe6 Qf7 27. Rhe1 Qh5 28. Kg3 fxg5 29. hxg5 Rf8 30. f4 Rf5 31. Rh6 Qf7 32. Reh1 Rf8 33. Rxh7 Rxg5+ 34. Kf3 Qxh7 35. Rxh7 Kxh7 36. Qd7+ Rg7 37. Qxc6 Rgf7 38. Qe4+ Kg7 39. Qe5+ Kh6 40. Qg5+ Kh7 41. Qxc5 Rxf4+ 42. Ke3 Rf3+ 43. Ke2 R3f7 44. b4 Kg6 45. a4 Rd8 46. Qc6+ Kg7 47. Qg2+ Kf8 48. Qc6 Re7+ 49. Kf3 Kg7 50. Qc5 Rf8+ 51. Kg4 Ref7 52. b5 Kh8 53. Qe5+ Kh7 54. Qh5+ Kg8 55. Qd5 Kh7 56. Kg5 Rg8+ 57. Kh5 Kg7 58. a5 Kf6 59. Qd6+ Kf5 60. Qd5+ Kf6 61. Qf3+ Ke7 62. Qe4+ Kf6 63. b6 Rfg7 64. Qf4+ Ke6 65. Qe4+ Kf6 66. Qf4+ Ke6 67. Qh6+ Kd5 68. bxa7 Rxa7 69. Qd2+ Kc6 70. Qd3 Rxa5+ 71. Kh6 Rc8 72. Qc4+ Rc5 73. Qe6+ Kb7 74. Qb3+ Ka6 75. Qa4+ Kb7 76. Qb3+ Ka6 77. Qa4+ Kb6 78. Qd4 R8c6+ 79. Kg7 Kb7 80. Qb4+ Kc8 81. Qg4+ Kc7 82. Qf4+ Kb7 83. Qb4+ Ka6 84. Qa4+ Kb6 85. Qd4 Kb7 86. Qb4+ 1/2-1/2

[Event "Bangkok Rooky op"]
[Site "Bangkok"]
[Date "2023.10.20"]
[Round "1"]
[White "Baba, Masahiro"]
[Black "Krishtopov, Konstantin"]
[Result "1/2-1/2"]
[WhiteElo "2248"]
[BlackElo "1483"]
[PlyCount "47"]
[EventDate "2023.10.20"]
[EventType "swiss"]
[EventRounds "7"]
[EventCountry "THA"]
[SourceTitle "Mega2024 Update 01"]
[Source "Chessbase"]
[SourceDate "2023.11.12"]
[SourceVersion "1"]
[SourceVersionDate "2023.11.12"]
[SourceQuality "1"]

1. e4 c5 2. Nf3 g6 3. d4 cxd4 4. Nxd4 Nf6 5. Nc3 d6 6. Be3 Bg7 7. f3 0-0 8. Qd2 Nc6 9. Bc4 Bd7 10. 0-0-0 Rc8 11. Bb3 Nxd4 12. Bxd4 b5 13. Nd5 Nxd5 14. Bxg7 Kxg7 15. exd5 Kg8 16. h4 a5 17. a3 b4 18. axb4 axb4 19. Qd4 Rc5 20. h5 Bf5 21. Kd2 e5 22. dxe6 Qg5+ 23. Qe3 Qxg2+ 24. Qe2 1/2-1/2

[Event "Bangkok Big Rook op"]
[Site "Bangkok"]
[Date "2023.05.05"]
[Round "3"]
[White "Baba, Masahiro"]
[Black "Marin, Sam"]
[Result "1-0"]
[WhiteElo "2274"]
[BlackElo "2046"]
[PlyCount "53"]
[EventDate "2023.05.04"]
[EventType "swiss"]
[EventRounds "7"]
[EventCountry "THA"]
[SourceTitle "CBM 214 Extra"]
[Source "ChessBase"]
[SourceDate "2023.07.31"]
[SourceVersion "1"]
[SourceVersionDate "2023.07.31"]
[SourceQuality "1"]

1. e4 e5 2. Nf3 Nc6 3. Bb5 a6 4. Ba4 Nf6 5. 0-0 Be7 6. Re1 b5 7. Bb3 d6 8. c3 Na5 9. Bc2 c5 10. d4 Nc6 11. h3 0-0 12. d5 Nb8 13. a4 b4 14. a5 Nbd7 15. Nbd2 bxc3 16. bxc3 c4 17. Nxc4 Qc7 18. Qe2 Nc5 19. Ba3 Bd7 20. Nb6 Rab8 21. Qe3 Nh5 22. Bxc5 dxc5 23. Nxd7 Qxd7 24. Nxe5 Qc7 25. Nc4 Rfd8 26. e5 Qd7 27. d6 1-0

[Event "Europe Echecs Blitz May op"]
[Site "Europe Echecs INT"]
[Date "2021.05.09"]
[Round "3"]
[White "Tabatabaei, Mohammad Amin"]
[Black "Baba, Masahiro"]
[Result "1-0"]
[WhiteElo "2613"]
[BlackElo "2274"]
[PlyCount "77"]
[EventDate "2021.05.09"]
[EventType "swiss (blitz)"]
[EventRounds "11"]
[EventCountry "FRA"]
[SourceTitle "CBM 202 Extra"]
[Source "ChessBase"]
[SourceDate "2021.07.31"]
[SourceVersion "1"]
[SourceVersionDate "2021.07.31"]
[SourceQuality "1"]

1. Nf3 Nf6 2. c4 g6 3. b3 Bg7 4. Bb2 0-0 5. g3 c5 6. Bg2 Nc6 7. 0-0 d6 8. d4 cxd4 9. Nxd4 Bd7 10. Qd2 a6 11. Rd1 Rc8 12. Na3 Qb6 13. Nac2 Rfd8 14. Rac1 Qa7 15. h3 Be8 16. e4 Qb8 17. a4 e6 18. Kh2 d5 19. cxd5 exd5 20. exd5 Nxd5 21. Nxc6 bxc6 22. Bxg7 Kxg7 23. b4 Kg8 24. a5 h5 25. h4 Nf6 26. Qc3 Nd5 27. Qc5 Bd7 28. Rd2 Be6 29. Rcd1 Nf6 30. Nd4 Bd5 31. Bxd5 cxd5 32. Qe7 Ne4 33. Rb2 Re8 34. Qd7 Rcd8 35. Qa4 Qe5 36. Rc2 Qf6 37. Kg2 Nd6 38. Qc6 Nc4 39. Qxf6 1-0

[Event "Europe Echecs Blitz May op"]
[Site "Europe Echecs INT"]
[Date "2021.05.09"]
[Round "11"]
[White "Vlachos, Anatole"]
[Black "Baba, Masahiro"]
[Result "1-0"]
[WhiteElo "2438"]
[BlackElo "2274"]
[PlyCount "39"]
[EventDate "2021.05.09"]
[EventType "swiss (blitz)"]
[EventRounds "11"]
[EventCountry "FRA"]
[SourceTitle "CBM 202 Extra"]
[Source "ChessBase"]
[SourceDate "2021.07.31"]
[SourceVersion "1"]
[SourceVersionDate "2021.07.31"]
[SourceQuality "1"]

1. Nf3 Nf6 2. g3 g6 3. Bg2 Bg7 4. 0-0 0-0 5. d3 d5 6. Nbd2 Nc6 7. e4 e5 8. Re1 Re8 9. c3 b6 10. b4 dxe4 11. dxe4 Bb7 12. a4 a5 13. b5 Nb8 14. Qc2 Nbd7 15. Nb3 Bf8 16. Bg5 Qc8 17. Bh3 Qb8 18. Rad1 Nc5 19. Nxc5 Bxc5 20. Bxf6 1-0

[Event "Cappelle Online Blitz op"]
[Site "Europe Echecs INT"]
[Date "2021.03.07"]
[Round "2"]
[White "Baba, Masahiro"]
[Black "Cheparinov, Ivan"]
[Result "0-1"]
[WhiteElo "2274"]
[BlackElo "2667"]
[PlyCount "62"]
[EventDate "2021.03.07"]
[EventType "swiss (blitz)"]
[EventRounds "11"]
[EventCountry "FRA"]
[SourceTitle "CBM 201 Extra"]
[Source "ChessBase"]
[SourceDate "2021.05.31"]
[SourceVersion "1"]
[SourceVersionDate "2021.05.31"]
[SourceQuality "1"]

1. e4 c5 2. Nf3 d6 3. d4 cxd4 4. Nxd4 Nf6 5. Nc3 a6 6. Bg5 e6 7. f4 h6 8. Bh4 Qb6 9. Qd2 Qxb2 10. Rb1 Qa3 11. e5 dxe5 12. fxe5 Nfd7 13. Ne4 Qxa2 14. Rd1 Qd5 15. Qe3 Qxe5 16. Be2 Bc5 17. Bg3 Qd5 18. Nxc5 Qxc5 19. 0-0 0-0 20. Bf2 Nc6 21. Nxc6 Qxc6 22. Bd3 e5 23. Be4 Qe6 24. Bd5 Qg6 25. Qb3 Nf6 26. Bc5 Nxd5 27. Bxf8 Nf4 28. Rxf4 exf4 29. Rd8 Be6 30. Qb6 Rxd8 31. Qxd8 Qxc2 0-1

[Event "Cappelle Online Blitz op"]
[Site "Europe Echecs INT"]
[Date "2021.03.07"]
[Round "7"]
[White "Enchev, Ivajlo"]
[Black "Baba, Masahiro"]
[Result "1-0"]
[WhiteElo "2501"]
[BlackElo "2274"]
[PlyCount "53"]
[EventDate "2021.03.07"]
[EventType "swiss (blitz)"]
[EventRounds "11"]
[EventCountry "FRA"]
[SourceTitle "CBM 201 Extra"]
[Source "ChessBase"]
[SourceDate "2021.05.31"]
[SourceVersion "1"]
[SourceVersionDate "2021.05.31"]
[SourceQuality "1"]

1. d4 Nf6 2. c4 g6 3. f3 d5 4. cxd5 Nxd5 5. e4 Nb6 6. Nc3 Bg7 7. Be3 0-0 8. Qd2 Nc6 9. 0-0-0 f5 10. h4 fxe4 11. h5 Bf5 12. hxg6 Bxg6 13. fxe4 Rxf1 14. Rxf1 Nc4 15. Qd3 Nxe3 16. Qxe3 Nxd4 17. Nf3 c5 18. Nh4 Qd6 19. Nxg6 Qxg6 20. Nd5 Re8 21. Rh3 Qa6 22. Qf2 Rf8 23. Nxe7+ Kh8 24. Qxf8+ Bxf8 25. Rxf8+ Kg7 26. Rg8+ Kf7 27. Rxh7+ 1-0

[Event "Cappelle Online Rapid op"]
[Site "Europe Echecs INT"]
[Date "2021.03.06"]
[Round "4"]
[White "Agmanov, Zhandos"]
[Black "Baba, Masahiro"]
[Result "1-0"]
[WhiteElo "2413"]
[BlackElo "2274"]
[PlyCount "115"]
[EventDate "2021.03.06"]
[EventType "swiss (rapid)"]
[EventRounds "9"]
[EventCountry "FRA"]
[SourceTitle "CBM 201 Extra"]
[Source "ChessBase"]
[SourceDate "2021.05.31"]
[SourceVersion "1"]
[SourceVersionDate "2021.05.31"]
[SourceQuality "1"]

1. e4 c5 2. Nf3 d6 3. d4 cxd4 4. Nxd4 Nf6 5. f3 e5 6. Nb3 d5 7. Bg5 Be6 8. Bxf6 gxf6 9. exd5 Qxd5 10. Qxd5 Bxd5 11. Nc3 Be6 12. 0-0-0 Nc6 13. Ne4 f5 14. Nf6+ Ke7 15. Nd5+ Bxd5 16. Rxd5 Bg7 17. Nc5 Rhd8 18. Rxd8 Rxd8 19. Bd3 b6 20. Nb3 Kf6 21. a3 h5 22. g3 Nd4 23. Nxd4 Rxd4 24. Rf1 Ke6 25. b3 Bh6+ 26. Kb2 Rd8 27. b4 Be3 28. Kb3 Rg8 29. Rd1 f4 30. Bc4+ Ke7 31. Rd5 Rg5 32. Bb5 Ke6 33. Bc4 Ke7 34. Bb5 Ke6 35. Rd3 e4 36. Bc4+ Ke7 37. fxe4 fxg3 38. hxg3 Rxg3 39. Rd5 h4 40. Rh5 h3 41. Ka4 Bc1 42. Bf1 Rxa3+ 43. Kb5 Rc3 44. Bd3 Ra3 45. Rxh3 Bd2 46. Rh7 a5 47. bxa5 bxa5 48. Bc4 Re3 49. Bxf7 Kd6 50. Bd5 Ke5 51. c4 Rb3+ 52. Kc6 a4 53. c5 Rb2 54. Ra7 Rb4 55. Kd7 Be3 56. Ra5 a3 57. c6 a2 58. c7 1-0

[Event "Cappelle Online Rapid op"]
[Site "Europe Echecs INT"]
[Date "2021.03.06"]
[Round "1"]
[White "Baba, Masahiro"]
[Black "Grabowski, Marek"]
[Result "1-0"]
[WhiteElo "2274"]
[BlackElo "1827"]
[PlyCount "63"]
[EventDate "2021.03.06"]
[EventType "swiss (rapid)"]
[EventRounds "9"]
[EventCountry "FRA"]
[SourceTitle "CBM 201 Extra"]
[Source "ChessBase"]
[SourceDate "2021.05.31"]
[SourceVersion "1"]
[SourceVersionDate "2021.05.31"]
[SourceQuality "1"]

1. e4 Nc6 2. Nf3 d6 3. d4 Nf6 4. Nc3 g6 5. Be3 Bg7 6. Qd2 Ng4 7. Bg5 h6 8. Bh4 a6 9. 0-0-0 b5 10. Kb1 Bb7 11. h3 Nf6 12. Qe3 Qd7 13. e5 Nh7 14. exd6 cxd6 15. Nd5 0-0 16. Nb6 Qc7 17. Nxa8 Rxa8 18. d5 Na5 19. Qxe7 Qc5 20. Qe3 Qc7 21. c3 b4 22. cxb4 Nc4 23. Bxc4 Qxc4 24. Qb3 Qe4+ 25. Ka1 Bxd5 26. Qxd5 Bxb2+ 27. Kxb2 Qxb4+ 28. Qb3 Qf4 29. Rd4 Qf5 30. Re1 Qc8 31. Rxd6 a5 32. Rd8+ 1-0

[Event "Lisbon Portugal rapid 2op"]
[Site "Lisbon"]
[Date "2020.02.02"]
[Round "8"]
[White "Van den Berg, Imme Pieter"]
[Black "Baba, Masahiro"]
[Result "0-1"]
[WhiteElo "2039"]
[BlackElo "2274"]
[PlyCount "73"]
[EventDate "2020.01.02"]
[EventType "swiss (rapid)"]
[EventRounds "8"]
[EventCountry "POR"]
[SourceTitle "CBM 194 Extra"]
[Source "ChessBase"]
[SourceDate "2020.03.31"]
[SourceVersion "1"]
[SourceVersionDate "2020.03.31"]
[SourceQuality "1"]

1. d4 Nf6 2. c4 g6 3. Nf3 Bg7 4. g3 0-0 5. Bg2 d6 6. 0-0 Nc6 7. d5 Na5 8. Nfd2 c5 9. Nc3 a6 10. Qc2 Rb8 11. b3 b5 12. Bb2 Bf5 13. e4 Bd7 14. Rae1 e5 15. dxe6 Bxe6 16. Nd1 bxc4 17. bxc4 Nc6 18. Bc3 Nd4 19. Qd3 Nd7 20. f4 Re8 21. Kh1 h5 22. Ne3 Qc7 23. f5 Ne5 24. fxe6 Nxd3 25. exf7+ Kh7 26. fxe8Q Rxe8 27. Nd5 Qd8 28. Re3 Ne5 29. Nf3 Nxc4 30. Rd3 Nxf3 31. Rdxf3 Bxc3 32. Rxc3 Nd2 33. Nf6+ Kh6 34. Nxe8 Nxf1 35. Bxf1 Qxe8 36. Bg2 Qe5 37. Rc1 0-1

[Event "Lisbon Portugal op"]
[Site "Lisbon"]
[Date "2020.01.29"]
[Round "6"]
[White "Baba, Masahiro"]
[Black "Sousa, Andre Ventura"]
[Result "1/2-1/2"]
[WhiteElo "2274"]
[BlackElo "2391"]
[PlyCount "114"]
[EventDate "2020.01.25"]
[EventType "swiss"]
[EventRounds "9"]
[EventCountry "POR"]
[SourceTitle "CBM 194"]
[Source "ChessBase"]
[SourceDate "2020.01.27"]
[SourceVersion "1"]
[SourceVersionDate "2020.01.27"]
[SourceQuality "1"]

1. e4 e5 2. Nf3 Nc6 3. Bb5 a6 4. Ba4 Nf6 5. 0-0 Be7 6. Re1 b5 7. Bb3 d6 8. c3 0-0 9. h3 Nb8 10. d4 Nbd7 11. Nbd2 Bb7 12. Bc2 Re8 13. Nf1 Bf8 14. Ng3 g6 15. a4 Nb6 16. b3 bxa4 17. bxa4 a5 18. Bd3 Qc8 19. Bg5 Bg7 20. Rb1 h6 21. Bd2 Ba6 22. Bb5 c6 23. Bxa6 Qxa6 24. Nh4 Nc4 25. Bc1 d5 26. Qf3 exd4 27. cxd4 dxe4 28. Nxe4 Nxe4 29. Rxe4 Rxe4 30. Qxe4 Nd6 31. Qc2 Re8 32. Be3 Qc4 33. Rc1 Qxc2 34. Rxc2 Rc8 35. Nf3 g5 36. g4 f5 37. gxf5 Kf7 38. Rc5 Nb7 39. Ne5+ Bxe5 40. Rxe5 Rd8 41. Kg2 Rd5 42. f4 Kf6 43. fxg5+ hxg5 44. Rxd5 cxd5 45. Bd2 Kxf5 46. Kf3 Kf6 47. Kg4 Kg6 48. Bxg5 Nd6 49. Bd8 Nc4 50. h4 Ne3+ 51. Kf4 Nc4 52. Bxa5 Nxa5 53. Ke5 Nc4+ 54. Kxd5 Nb6+ 55. Kc6 Nxa4 56. d5 Nb2 57. d6 Nc4 1/2-1/2

[Event "Lisbon Portugal op"]
[Site "Lisbon"]
[Date "2020.01.27"]
[Round "4"]
[White "Baba, Masahiro"]
[Black "Figueiredo, Mario Jose da Roch"]
[Result "1-0"]
[WhiteElo "2274"]
[BlackElo "1939"]
[PlyCount "108"]
[EventDate "2020.01.25"]
[EventType "swiss"]
[EventRounds "9"]
[EventCountry "POR"]
[SourceTitle "CBM 194"]
[Source "ChessBase"]
[SourceDate "2020.01.27"]
[SourceVersion "1"]
[SourceVersionDate "2020.01.27"]
[SourceQuality "1"]

1. e4 Nf6 2. e5 Nd5 3. d4 d6 4. Nf3 Bg4 5. Be2 e6 6. 0-0 Be7 7. c4 Nb6 8. exd6 cxd6 9. Nc3 0-0 10. h3 Bh5 11. b3 a5 12. Be3 N8d7 13. Nd2 Bxe2 14. Qxe2 Nf6 15. Nde4 Nxe4 16. Nxe4 d5 17. Nc5 Ra7 18. a4 Qe8 19. Rfd1 Qc6 20. Nd3 Bf6 21. Ne5 Bxe5 22. dxe5 Raa8 23. Rac1 dxc4 24. Rd6 Qe4 25. Rxb6 cxb3 26. Qc4 Qxe5 27. Qxb3 h6 28. Rxb7 Rab8 29. Rxb8 Rxb8 30. Qc3 Qe4 31. Qxa5 Ra8 32. Qb5 Qxa4 33. Rc8+ Kh7 34. Qb1+ f5 35. Rxa8 Qxa8 36. Bd4 Qd5 37. Qb2 Qd7 38. h4 h5 39. g3 Qf7 40. Qb8 Qd7 41. Qa7 Qxa7 42. Bxa7 e5 43. Bb8 e4 44. Kf1 Kg6 45. Be5 Kf7 46. Ke2 g6 47. Ke3 Ke6 48. Kf4 e3 49. fxe3 Kd5 50. Bd4 Ke6 51. Kg5 Kd5 52. Kxg6 Ke4 53. Kxh5 Kf3 54. Kg5 Ke4 1-0

[Event "Lisbon Portugal op"]
[Site "Lisbon"]
[Date "2020.01.25"]
[Round "1"]
[White "Counhago, Edgar Jorge"]
[Black "Baba, Masahiro"]
[Result "1-0"]
[WhiteElo "1682"]
[BlackElo "2274"]
[PlyCount "71"]
[EventDate "2020.01.25"]
[EventType "swiss"]
[EventRounds "9"]
[EventCountry "POR"]
[SourceTitle "EXT 2021"]
[Source "ChessBase"]
[SourceDate "2020.10.23"]
[SourceVersion "1"]
[SourceVersionDate "2020.10.23"]
[SourceQuality "1"]

1. d4 Nf6 2. c4 g6 3. Nc3 d5 4. Nf3 Bg7 5. g3 0-0 6. Bg2 dxc4 7. Ne5 c6 8. Nxc4 Be6 9. Ne5 Nbd7 10. Nf3 Nb6 11. 0-0 a5 12. a4 h6 13. h3 Nc4 14. Re1 Qb6 15. Rb1 Nd5 16. Nxd5 cxd5 17. b3 Nd6 18. Ba3 Ne4 19. Rc1 Rfc8 20. Qd3 Bf6 21. e3 h5 22. Ne5 Bf5 23. g4 hxg4 24. hxg4 Be6 25. Bxe4 dxe4 26. Qxe4 Qxb3 27. Bc5 b6 28. Rb1 Qxa4 29. Rxb6 Qa2 30. Nxg6 Kg7 31. Nxe7 Rxc5 32. Qxa8 Bxe7 33. dxc5 Qd2 34. Reb1 Bd5 35. Qb8 Bxc5 36. Qe5+ 1-0

[Event "Tokyo Summer op"]
[Site "Tokyo"]
[Date "2018.07.16"]
[Round "6"]
[White "Mitsuya, Naoto"]
[Black "Baba, Masahiro"]
[Result "0-1"]
[WhiteElo "2150"]
[BlackElo "2399"]
[PlyCount "124"]
[EventDate "2018.07.15"]
[EventType "swiss"]
[EventRounds "6"]
[EventCountry "JPN"]
[SourceTitle "EXT 2019"]
[Source "ChessBase"]
[SourceDate "2018.10.10"]
[SourceVersion "1"]
[SourceVersionDate "2018.10.10"]
[SourceQuality "1"]

1. d4 Nf6 2. Bf4 g6 3. e3 Bg7 4. Nf3 0-0 5. Be2 d6 6. 0-0 c5 7. c3 b6 8. h3 Bb7 9. Nbd2 Nbd7 10. a4 a6 11. Bh2 Qc7 12. Re1 Ne4 13. Nxe4 Bxe4 14. Nd2 Bc6 15. Bf3 Qb7 16. Bxc6 Qxc6 17. Nf3 b5 18. axb5 axb5 19. Qe2 Rfb8 20. e4 Ra4 21. e5 dxe5 22. Nxe5 Bxe5 23. Bxe5 Rba8 24. Rxa4 bxa4 25. dxc5 Nxc5 26. Qc4 Qc8 27. Bd4 Ne6 28. Qxc8+ Rxc8 29. Be3 f5 30. Ra1 f4 31. Bd4 Rc4 32. Rd1 Ng5 33. Re1 Kf7 34. f3 Rc8 35. Re5 Ne6 36. Bf2 Ra8 37. c4 Nd8 38. c5 Nc6 39. Re4 e5 40. Kf1 Ke6 41. Ke2 Kd5 42. Kd1 g5 43. Re2 a3 44. bxa3 Rxa3 45. Rb2 Nd4 46. Bxd4 exd4 47. h4 gxh4 48. Rb7 Ra1+ 49. Ke2 Ra2+ 50. Kd3 Ra3+ 51. Kd2 Kc4 52. c6 Ra2+ 53. Kc1 Ra6 54. Rxh7 Rxc6 55. Rxh4 Kd3+ 56. Kd1 Ra6 57. Kc1 Ke3 58. Rh8 Ra1+ 59. Kb2 Rg1 60. Re8+ Kf2 61. Rd8 Rxg2 62. Rxd4 Kxf3+ 0-1

[Event "Tokyo Summer op"]
[Site "Tokyo"]
[Date "2018.07.16"]
[Round "4"]
[White "Tran, Thanh Tu"]
[Black "Baba, Masahiro"]
[Result "1-0"]
[WhiteElo "2528"]
[BlackElo "2399"]
[PlyCount "65"]
[EventDate "2018.07.15"]
[EventType "swiss"]
[EventRounds "6"]
[EventCountry "JPN"]
[SourceTitle "EXT 2019"]
[Source "ChessBase"]
[SourceDate "2018.10.10"]
[SourceVersion "1"]
[SourceVersionDate "2018.10.10"]
[SourceQuality "1"]

1. Nf3 Nf6 2. c4 g6 3. Nc3 d5 4. cxd5 Nxd5 5. Qb3 Nb6 6. d4 Bg7 7. e4 Bg4 8. Bb5+ c6 9. Ng5 0-0 10. Be2 Bxe2 11. Nxe2 Na6 12. Qh3 h6 13. Nf3 Qd7 14. Qh4 h5 15. h3 Nb4 16. g4 Nd3+ 17. Kf1 e5 18. gxh5 Nxc1 19. Rxc1 exd4 20. Rd1 Nc4 21. h6 d3 22. hxg7 Kxg7 23. Nf4 Rh8 24. Qg5 Rae8 25. Rxd3 Qc7 26. Nd4 Ne5 27. Nf5+ Kf8 28. Qf6 Rh7 29. Rd8 Qxd8 30. Ne6+ Rxe6 31. Qxd8+ Re8 32. Qd6+ Kg8 33. Ne7+ 1-0